Never an ordinary week- planning for housing gain (Record no. 70114)
[ view plain ]
| 000 -LEADER | |
|---|---|
| fixed length control field | 00870cam a2200205 4500 |
| 001 - CONTROL NUMBER | |
| control field | ABS65396 |
| 008 - FIXED-LENGTH DATA ELEMENTS--GENERAL INFORMATION | |
| fixed length control field | 020430n2002 000 0 eng u |
| 035 ## - SYSTEM CONTROL NUMBER | |
| System control number | (Sirsi) u117749 |
| 100 ## - MAIN ENTRY--PERSONAL NAME | |
| Personal name | Babbage, T |
| 245 ## - TITLE STATEMENT | |
| Title | Never an ordinary week- planning for housing gain |
| 260 ## - PUBLICATION, DISTRIBUTION, ETC. | |
| Date of publication, distribution, etc. | 2002 |
| 490 ## - SERIES STATEMENT | |
| Series statement | Axis |
| Volume/sequential designation | 57(1) February-March-April 2002, 15-17(2) |
| 520 ## - SUMMARY, ETC. | |
| Summary, etc. | Discusses whether Homelessness Act and Planning Green Paper will result in more affordable housing. Argues that housing starts are at an all-time low, and there is disparity between regions, problems that are difficult to solve due to land unavailability. Concludes that capital housing funding needs to be increased to address the issue. |
| 590 ## - LOCAL NOTE (RLIN) | |
| Local note | ABS |
| 650 ## - SUBJECT ADDED ENTRY--TOPICAL TERM | |
| Topical term or geographic name entry element | HOMELESSNESS ACT 2002 |
| 650 ## - SUBJECT ADDED ENTRY--TOPICAL TERM | |
| Topical term or geographic name entry element | GREEN PAPER |
| 650 ## - SUBJECT ADDED ENTRY--TOPICAL TERM | |
| Topical term or geographic name entry element | HOUSING STARTS |
| 690 ## - LOCAL SUBJECT ADDED ENTRY--TOPICAL TERM (OCLC, RLIN) | |
| Topical term or geographic name as entry element | Affordable housing |
| 9 (RLIN) | 6215 |
| 942 ## - ADDED ENTRY ELEMENTS (KOHA) | |
| Suppress in OPAC | 0 |
| Withdrawn status | Lost status | Source of classification or shelving scheme | Damaged status | Not for loan | Home library | Current library | Shelving location | Date acquired | Total Checkouts | Full call number | Barcode | Date last seen | Copy number | Price effective from | Koha item type |
|---|---|---|---|---|---|---|---|---|---|---|---|---|---|---|---|
| Dewey Decimal Classification | London | London | Journal article | 30/04/2002 | ABS65396 | 117749-1001 | 06/08/2019 | 1 | 06/08/2019 | Journal article |